01614agaaa2200313 45000010005000000030009000050050017000140070009000310080040000400400023000800410013001031000058001161300034001742400095002082450177003032460088004802500022005682600105005903000031006955080086007265110092008125200110009045380009010145460013010236500065010367000070011017000072011717000057012430898IT-RoPAU20220918181252.0d cvaizq50131s9999||||xx ||| | || ||und|| aIT-RoPAUcIT-RoPAU aITALIANO aChaplin Charlie (Charlot)gCodice regista SPICS: 8134 aALLEGRO MONDO DI CHARLOT (L') aLAUGHINS GAS - GENTLEMEN OF NERVE IN THE PARK - BY THE SEA - A WOMAN - THE ROUNDERSgT2522 aALLEGRO MONDO DI CHARLOT (L')cSceneggiatura: Chaplin Charlie -- Diretto da: Chaplin Charlie (Charlot)pALLEGRO MONDO DI CHARLOT (L') (Rif. Codice opera principale : V0898) aLAUGHINS GAS - GENTLEMEN OF NERVE IN THE PARK - BY THE SEA - A WOMAN - THE ROUNDERS aEdizione Standard a(USA)bSCREEN ART SALES / Distribuzione: SPF GENOVAg"1914 (1° ed.: 1993 ; Ed. Lingua Orig.: 1914)" a16MMbmuto, b&wc80 minuti a"Montaggio: Nazzaro M.; Musica: Umiliani Piero; Sceneggiatura: Chaplin Charlie; " a"Chaplin Charlie; Purviance Edna; Withe Leo; Ruggles Wesley; Rand John; Armstrong Bill" aFILM DI MONTAGGIO COMPRENDENTE ALCUNE COMICHE DI CHARLOT. FILM IN BIANCO ENERO. PELLICOLA IN BUONO STATO. aMONO aITALIANO aCOMICOePELLICOLE CINEMA [16 MM]xCodice MATERIA SPICS: 9955 aChaplin Charlie (Charlot) e(regista)gCodice regista SPICS: 8134 aChaplin Charlie (Charlot) e(soggetto)gCodice Soggetto SPICS: 8134 aUmiliani Pieroe(musica)gCodice Musica SPICS: 13761